000 01047nam a2200277 a 4500
001 000030025
003 DO-SdBNP
005 20250401150045.0
008 110428s2009 dr c 000 0 spa d
020 _a9789945427554
040 _aDO-SdBNP
_bspa
_cBNPHU
049 _aBNPD
082 _aR 306.4016
_bB582h
245 0 0 _aBiblio-hemerografía de la cultura tradicional y popular de la República Dominicana 1927-2007 /
_ccompilación Xiomarita Pérez.
260 _aSanto Domingo :
_bNacional,
_c2009.
300 _a380 p. :
_bil., retrs. ;
_c26 cm.
500 _aIncluye índice onomástico
504 _aBibliografía: p. 313-342.
650 4 _aCulturas tradicionales
_vBibliografías
_956738
650 0 _aFolclore
_zRepública Dominicana
_vBibliografías
_933448
651 4 _aRepública Dominicana
_xCultura popular
_vBibliografías
_956740
651 4 _aRepública Dominicana
_xVida social y costumbres
_vBibliografías
_956741
700 1 2 _aPérez, Xiomarita
_ecomp.
_9458
910 _aValidado. Control de calidad
942 _2ddc
_cLBS1
999 _c29517
_d29517